| 000 | 00689nam a22001697a 4500 | ||
|---|---|---|---|
| 005 | 20230912113907.0 | ||
| 010 | _aHIN-125899 | ||
| 020 |
_a97881901839200 _c175.00 |
||
| 035 | _aHN-98245 | ||
| 082 | _aउ | ||
| 100 |
_aदेवी, महाश्वेता _956336 |
||
| 245 |
_aसती / _cमहाश्वेता देवी |
||
| 260 |
_aनई दिल्ली _bसुभाष चन्द्र एंड संस _c2021 |
||
| 270 |
_aWZ-841 मोहल्ला बडियाल बता चौक पालम गाँव _bदिल्ली _e110045 |
||
| 300 |
_a112p _c22 cm(सजिल्द) _bIndex |
||
| 942 |
_2ddc _cHN _hउ _mदेवीम |
||
| 999 |
_c198002 _d198002 |
||